[Event "15th LCC Super Rapid 2025"]
[Site "London ENG"]
[Date "2025.12.06"]
[Round "1.1"]
[White "Firouzja, Alireza"]
[Black "Kuhendiran, Tharshan"]
[Result "1-0"]
[WhiteTitle "GM"]
[WhiteElo "2762"]
[BlackElo "1884"]
[WhiteFideId "12573981"]
[BlackFideId "423777"]
[EventDate "2025.12.06"]

1. d4 d5 2. c4 e6 3. Nc3 Nf6 4. cxd5 exd5 5. Bg5 Be7 6. e3 h6 7. Bh4 c6 8. Bd3
O-O 9. h3 Re8 10. Bg3 Bd6 11. Bxd6 Qxd6 12. Qc2 b5 13. Nf3 a5 14. Rc1 Na6 15.
Qd1 Bd7 16. O-O Rab8 17. a4 Nb4 18. Bb1 Bc8 19. Ne5 Ba6 20. axb5 cxb5 21. Ne2
Nd7 22. f4 Nb6 23. Ng3 Nc4 24. Nf5 Qe6 25. Qg4 g6 26. Nxh6+ Kg7 27. f5 Qf6 28.
fxg6 Qxf1+ 29. Rxf1 Nxe3 30. Rxf7+ 1-0

[Event "15th LCC Super Rapid 2025"]
[Site "London ENG"]
[Date "2025.12.06"]
[Round "1.2"]
[White "Sisupalan, Beni"]
[Black "Abdusattorov, Nodirbek"]
[Result "0-1"]
[BlackTitle "GM"]
[WhiteElo "1750"]
[BlackElo "2750"]
[WhiteFideId "494585"]
[BlackFideId "14204118"]
[EventDate "2025.12.06"]

1. e4 c5 2. Nf3 e6 3. d4 cxd4 4. Nxd4 Nf6 5. Nc3 Nc6 6. Be3 Bb4 7. f3 d5 8. Nxc6
bxc6 9. e5 Nd7 10. f4 c5 11. a3 Ba5 12. Bd2 O-O 13. Be2 Rb8 14. b3 f6 15. Bg4 f5
16. Bf3 Bxc3 17. Bxc3 Ba6 18. Be2 Qb6 19. Bxa6 Qxa6 20. Qe2 Qb6 21. Qf2 d4 22.
Bd2 Qc6 23. O-O Nb6 24. Qf3 Nd5 25. Rab1 Rfc8 26. g4 fxg4 27. Qxg4 Ne7 28. Qe2
Nf5 29. Qc4 Rd8 30. b4 d3 31. cxd3 Nh4 32. Rf2 Rd4 33. Qb3 c4 34. Qc2 Rxd3 35.
Rbf1 Rbd8 36. Be1 c3 37. a4 Qc4 38. Re2 Nf3+ 39. Rxf3 Rxf3 40. Bg3 Rd2 41. Qe4
Qxe2 42. Qa8+ Kf7 43. Qb7+ Kg6 44. f5+ Rxf5 0-1

[Event "15th LCC Super Rapid 2025"]
[Site "London ENG"]
[Date "2025.12.06"]
[Round "1.3"]
[White "Dominguez Perez, Leinier"]
[Black "Ortiz Sanchez, Luis"]
[Result "1-0"]
[WhiteTitle "GM"]
[WhiteElo "2738"]
[BlackElo "2007"]
[WhiteFideId "3503240"]
[BlackFideId "24581160"]
[EventDate "2025.12.06"]

1. e4 c5 2. Nf3 Nc6 3. d4 cxd4 4. Nxd4 e5 5. Nb5 a6 6. Nd6+ Bxd6 7. Qxd6 Qf6 8.
Qxf6 Nxf6 9. Nc3 Nb4 10. Kd2 d5 11. a3 d4 12. axb4 dxc3+ 13. Ke3 Ng4+ 14. Ke2 f5
15. Ra5 b5 16. Ke1 Bb7 17. bxc3 O-O 18. c4 fxe4 19. Be3 bxc4 20. Bxc4+ Kh8 21.
h3 Nf6 22. Ke2 Rfc8 23. Bb3 Bc6 24. c4 Rab8 25. Bd2 e3 26. Kxe3 Bxg2 27. Rg1
Bxh3 28. Rxa6 Rf8 29. Bd1 Rbc8 30. Be2 h5 31. f3 e4 32. f4 Bg4 33. Rc1 Rfd8 34.
Bc3 Bxe2 35. Kxe2 Ng4 36. Re6 Rd3 37. Rxe4 Rh3 38. Re7 Ra8 39. Ra1 Rxa1 40. Bxa1
Kh7 41. c5 Rb3 42. c6 Rxb4 43. c7 Rc4 44. Kd3 Rc6 45. Rxg7+ Kh6 46. f5 Nf2+ 47.
Ke3 Nd1+ 48. Kd2 Nf2 49. Rg6+ 1-0

[Event "15th LCC Super Rapid 2025"]
[Site "London ENG"]
[Date "2025.12.06"]
[Round "1.4"]
[White "Sanitt, Ethan"]
[Black "McShane, Luke J"]
[Result "0-1"]
[BlackTitle "GM"]
[WhiteElo "2113"]
[BlackElo "2615"]
[WhiteFideId "427462"]
[BlackFideId "404853"]
[EventDate "2025.12.06"]

1. c4 g6 2. g3 Bg7 3. Nc3 Nf6 4. Bg2 O-O 5. d3 d6 6. e4 c5 7. Nge2 Nc6 8. O-O
Rb8 9. h3 a6 10. a4 Ne8 11. Be3 Nc7 12. d4 cxd4 13. Nxd4 Ne6 14. Nde2 Nc5 15.
Rb1 Nb4 16. b3 Bd7 17. Qd2 Bc6 18. Nd5 a5 19. Nxb4 axb4 20. f3 Qa5 21. Bd4 Rbd8
22. Bxg7 Kxg7 23. Nd4 e6 24. Kh2 Rfe8 25. Rfe1 Na6 26. f4 e5 27. Nc2 Nc5 28. f5
f6 29. Qxb4 b6 30. fxg6 hxg6 31. Qxa5 bxa5 32. Na3 Kf7 33. Nb5 Ke7 34. Nc7 Rh8
35. Nd5+ Bxd5 36. exd5 Rb8 37. Be4 f5 38. Bc2 e4 39. Re3 Kf6 40. Rf1 Ke5 41. Rd1
Rb7 42. Kg2 Rbh7 43. Rh1 Kd4 44. Re2 g5 45. Ree1 f4 46. g4 Rh4 47. Rd1+ Kc3 48.
Rc1 Kb4 49. Rce1 e3 50. Rb1 Nd7 51. Be4 Ne5 52. Bf5 f3+ 53. Kg3 f2 54. Rb2 Rxh3+
55. Rxh3 Rxh3+ 56. Kg2 Rh2+ 0-1

[Event "15th LCC Super Rapid 2025"]
[Site "London ENG"]
[Date "2025.12.06"]
[Round "1.5"]
[White "Shankland, Sam"]
[Black "Timmermans, Adri"]
[Result "1-0"]
[WhiteTitle "GM"]
[WhiteElo "2649"]
[BlackElo "1871"]
[WhiteFideId "2004887"]
[BlackFideId "1026380"]
[EventDate "2025.12.06"]

1. d4 Nf6 2. c4 c5 3. d5 b5 4. cxb5 a6 5. bxa6 Bxa6 6. Nc3 g6 7. e4 Bxf1 8. Kxf1
d6 9. g3 Bg7 10. Kg2 O-O 11. Nf3 Qa5 12. a4 Nbd7 13. Bd2 Rfb8 14. Nb5 Qb6 15.
Qc2 Ne8 16. Rab1 Nc7 17. Nxc7 Qxc7 18. b4 Qa7 19. a5 cxb4 20. Rxb4 Nc5 21. Rhb1
Rc8 22. Rc4 Rab8 23. Rxb8 Rxb8 24. Rb4 Rc8 25. Rb6 Rc7 26. Qc4 h5 27. Qb5 Nd7
28. Rc6 Rb7 29. Qc4 f6 30. a6 Rb8 31. Be3 Qa8 32. Rc7 Rd8 33. Qc6 Qxc6 34. dxc6
Nc5 35. a7 Ra8 36. Rb7 1-0

[Event "15th LCC Super Rapid 2025"]
[Site "London ENG"]
[Date "2025.12.06"]
[Round "1.6"]
[White "Kaufman, Harris"]
[Black "Adams, Michael"]
[Result "0-1"]
[BlackTitle "GM"]
[WhiteElo "1873"]
[BlackElo "2635"]
[WhiteFideId "343431070"]
[BlackFideId "400041"]
[EventDate "2025.12.06"]

1. e4 e5 2. Nf3 Nc6 3. d4 exd4 4. Bc4 Nf6 5. O-O Nxe4 6. Re1 d5 7. Bxd5 Qxd5 8.
Nc3 Qd7 9. Rxe4+ Be7 10. Nxd4 f5 11. Rf4 O-O 12. Nxc6 Qxd1+ 13. Nxd1 bxc6 14.
Rc4 c5 15. Be3 Be6 16. Ra4 Rfb8 17. Ra5 c4 18. Rxa7 Rxa7 19. Bxa7 Ra8 20. Bd4
Bd6 21. a4 f4 22. f3 Bf5 23. a5 Bxc2 24. Nf2 Ra6 25. Ng4 h5 26. Ne5 c5 27. Bc3
Bb3 28. Re1 Bc7 29. Ra1 g5 30. Nd7 Bd6 31. Nf6+ Kf7 32. Ne4 Be7 33. Kf2 Bc2 34.
Re1 Bd3 35. Nd2 Bd8 36. Ra1 g4 37. g3 Bc7 38. Nf1 Kg6 39. fxg4 hxg4 40. gxf4
Bxf4 41. Ne3 Kh5 42. Rg1 Rg6 43. a6 Bxh2 44. Rxg4 Rxg4 45. Nxg4 Kxg4 0-1

[Event "15th LCC Super Rapid 2025"]
[Site "London ENG"]
[Date "2025.12.06"]
[Round "1.7"]
[White "Maroroa Jones, Gawain C B"]
[Black "Dishman, Matthew"]
[Result "1-0"]
[WhiteTitle "GM"]
[WhiteElo "2655"]
[BlackElo "1978"]
[WhiteFideId "409561"]
[BlackFideId "438642"]
[EventDate "2025.12.06"]

1. Nf3 d5 2. g3 Nf6 3. Bg2 e6 4. O-O Be7 5. c4 dxc4 6. Qa4+ Bd7 7. Qxc4 Bc6 8.
d3 O-O 9. Qc2 Nbd7 10. Nc3 h6 11. e4 b6 12. d4 Bb7 13. Rd1 Qc8 14. h3 Bb4 15.
Nh2 e5 16. Be3 exd4 17. Bxd4 Bc5 18. Bxc5 Nxc5 19. b4 Ne6 20. Nd5 Nxd5 21. exd5
Ng5 22. h4 Nh7 23. Rac1 Rb8 24. Qxc7 Qf5 25. Qc2 Qd7 26. Qc7 Qf5 27. g4 Qg6 28.
Qf4 Nf6 29. h5 Qh7 30. Rc7 Ba6 31. Rxa7 Be2 32. Re1 Qd3 33. Re7 Bd1 34. R7e3 Qc2
35. Qd4 1-0

[Event "15th LCC Super Rapid 2025"]
[Site "London ENG"]
[Date "2025.12.06"]
[Round "1.8"]
[White "Bevis, Noah"]
[Black "Vitiugov, Nikita"]
[Result "0-1"]
[BlackTitle "GM"]
[WhiteElo "1921"]
[BlackElo "2657"]
[WhiteFideId "343434630"]
[BlackFideId "4152956"]
[EventDate "2025.12.06"]

1. d4 Nf6 2. c4 g6 3. Nc3 d6 4. e4 Bg7 5. Be2 O-O 6. Be3 a5 7. g4 Nc6 8. g5 Nd7
9. Nf3 Nb6 10. d5 Nb4 11. a3 Na6 12. h4 Nc5 13. Nd2 e6 14. Qc2 exd5 15. cxd5 c6
16. dxc6 bxc6 17. Nc4 Be6 18. Nxb6 Qxb6 19. h5 Rab8 20. Na4 Bb3 21. Qxc5 Qxc5
22. Nxc5 dxc5 23. hxg6 hxg6 24. Bxc5 Bxb2 25. Bxf8 Bxa1 26. Bc5 Bc3+ 27. Kf1 Bc2
28. Bf3 Rb5 29. Be7 c5 30. Kg2 c4 31. Rc1 Rb2 32. Bf6 Bxf6 33. gxf6 g5 34. e5
Bd3 35. Bd5 Rb5 36. Bxc4 Bxc4 37. Rxc4 Rxe5 38. f4 Rf5 39. fxg5 Rxg5+ 40. Kf3
Kh7 41. Rf4 Kg6 42. Ke4 Rb5 43. Rg4+ Kxf6 44. Rf4+ Ke6 45. Kd4 Rb3 46. Re4+ Kd6
47. Rf4 Ke7 48. Re4+ Kf8 49. Ke5 Rxa3 50. Rc4 Re3+ 51. Kf4 Re6 52. Kf5 Ra6 53.
Ra4 Ke7 54. Ke5 f6+ 55. Kf5 Kd7 56. Rd4+ Kc6 57. Re4 a4 58. Re8 a3 59. Rc8+ Kb5
60. Rb8+ Ka4 0-1

[Event "15th LCC Super Rapid 2025"]
[Site "London ENG"]
[Date "2025.12.06"]
[Round "1.9"]
[White "Mishra, Abhimanyu"]
[Black "Benjamin, Martin J"]
[Result "1-0"]
[WhiteTitle "GM"]
[WhiteElo "2642"]
[BlackElo "1994"]
[WhiteFideId "30920019"]
[BlackFideId "436895"]
[EventDate "2025.12.06"]

1. e4 c5 2. Nf3 d6 3. d4 cxd4 4. Nxd4 Nf6 5. Nc3 g6 6. Be3 Nc6 7. f3 h5 8. Bc4
Bd7 9. Bb3 Bg7 10. Qd2 Na5 11. O-O-O Nxb3+ 12. cxb3 a6 13. Kb1 b5 14. Rhe1 O-O
15. Bh6 b4 16. Bxg7 Kxg7 17. Nd5 Nxd5 18. exd5 Re8 19. Qxb4 a5 20. Qc3 Kg8 21.
g4 h4 22. Re4 a4 23. b4 a3 24. g5 axb2 25. Rxh4 Qb6 26. Ne6 f6 27. gxf6 Bxe6 28.
f7+ Kxf7 29. Rh7+ Kg8 30. Qg7# 1-0

[Event "15th LCC Super Rapid 2025"]
[Site "London ENG"]
[Date "2025.12.06"]
[Round "1.10"]
[White "Lin, William"]
[Black "Eljanov, Pavel"]
[Result "0-1"]
[BlackTitle "GM"]
[WhiteElo "1688"]
[BlackElo "2656"]
[WhiteFideId "343433766"]
[BlackFideId "14102951"]
[EventDate "2025.12.06"]

1. e4 c6 2. d4 d5 3. exd5 cxd5 4. Bd3 Nf6 5. Bf4 Qb6 6. Nc3 Bg4 7. f3 Bd7 8.
Nge2 Nc6 9. Na4 Qa5+ 10. c3 Nxd4 11. Nxd4 Qxa4 12. Qxa4 Bxa4 13. Bb5+ Bxb5 14.
Nxb5 Kd7 15. Rd1 e6 16. O-O Bc5+ 17. Kh1 a6 18. Nd4 Rac8 19. Be5 Bd6 20. f4 Ng4
21. Rde1 Bxe5 22. fxe5 Rhf8 23. h3 Nh6 24. g4 Ng8 25. Rf2 h6 26. Kg2 b5 27. a3
Rb8 28. h4 Rb6 29. g5 Ne7 30. Ref1 Ke8 31. gxh6 gxh6 32. h5 Nc6 33. Nxc6 Rxc6
34. Rf6 Rc4 35. Rxh6 Re4 36. Rh7 Rxe5 37. h6 Rg8+ 38. Kf2 Rf5+ 39. Ke1 Rxf1+ 40.
Kxf1 Ke7 41. Rg7 Rh8 42. h7 Kf8 43. Rg8+ Rxg8 44. hxg8=Q+ Kxg8 45. Kf2 Kg7 46.
Ke3 f5 47. Kd4 f4 48. Kc5 f3 49. Kb6 f2 50. Kxa6 f1=Q 51. Ka5 Qc4 52. Kb6 e5 53.
Ka5 e4 54. Kb6 e3 55. Ka5 e2 56. Kb6 e1=Q 57. Ka5 Qe6 58. b4 Qcc6 59. a4 Qb6# 0-1

[Event "15th LCC Super Rapid 2025"]
[Site "London ENG"]
[Date "2025.12.06"]
[Round "1.11"]
[White "Theodorou, Nikolas"]
[Black "Patel, Devan"]
[Result "1-0"]
[WhiteTitle "GM"]
[WhiteElo "2656"]
[BlackElo "1938"]
[WhiteFideId "4262875"]
[BlackFideId "447889"]
[EventDate "2025.12.06"]

1. d4 Nf6 2. Nf3 d5 3. c4 e6 4. g3 Be7 5. Bg2 O-O 6. Nc3 b6 7. cxd5 exd5 8. O-O
Bb7 9. Ne5 Nbd7 10. Qa4 Nxe5 11. dxe5 Ne8 12. Nxd5 Bxd5 13. Rd1 c6 14. e4 Bc5
15. exd5 b5 16. Qc2 Qb6 17. d6 f6 18. d7 Nc7 19. e6 Nxe6 20. Qb3 Bxf2+ 21. Kh1
c5 22. Bxa8 Rxa8 23. d8=Q+ Rxd8 24. Rxd8+ Kf7 25. Rd7+ Ke8 26. Qd5 Bd4 27. Rd6 1-0

[Event "15th LCC Super Rapid 2025"]
[Site "London ENG"]
[Date "2025.12.06"]
[Round "1.13"]
[White "Jankovic, Alojzije"]
[Black "Hng, Mei-Xian Eunice"]
[Result "1-0"]
[WhiteTitle "GM"]
[BlackTitle "WFM"]
[WhiteElo "2558"]
[BlackElo "2067"]
[WhiteFideId "14505959"]
[BlackFideId "5806585"]
[EventDate "2025.12.06"]

1. d4 Nf6 2. Nf3 e6 3. c4 c5 4. d5 exd5 5. cxd5 d6 6. Nc3 g6 7. Nd2 Bg7 8. Nc4
O-O 9. Bf4 Nbd7 10. Bxd6 Re8 11. Bg3 Nh5 12. e3 Nb6 13. Nxb6 Qxb6 14. Qb3 Qb4
15. Bd6 a5 16. Bb5 Rd8 17. Be7 Qxb3 18. axb3 Bxc3+ 19. bxc3 Rxd5 20. Bc4 Re5 21.
Bd6 Rg5 22. g3 Bh3 23. f4 Rf5 24. e4 Re8 25. e5 b6 26. O-O-O Bg2 27. Rhg1 Bf3
28. Rd2 Ng7 29. Rf2 Bg4 30. h3 Bxh3 31. g4 Bxg4 32. Rxg4 h5 33. Rg5 Ra8 34. Rxg6
Kh7 35. Rf6 Rxf6 36. exf6 Ne6 37. Bxe6 fxe6 38. f7 1-0

[Event "15th LCC Super Rapid 2025"]
[Site "London ENG"]
[Date "2025.12.06"]
[Round "1.14"]
[White "Kennedy, Aden"]
[Black "Ghasi, Ameet K"]
[Result "0-1"]
[BlackTitle "GM"]
[WhiteElo "1783"]
[BlackElo "2500"]
[WhiteFideId "343401015"]
[BlackFideId "409200"]
[EventDate "2025.12.06"]

1. e4 d6 2. d4 Nf6 3. Bd3 g6 4. Ne2 Bg7 5. O-O O-O 6. Ng3 e5 7. c3 Nc6 8. d5 Nb8
9. f4 exf4 10. Bxf4 Nbd7 11. Nd2 Ne5 12. Bc2 Re8 13. Bxe5 Rxe5 14. Nf3 Re8 15.
Qd2 Ng4 16. Rae1 Bd7 17. Qd3 Qe7 18. Ne2 Rf8 19. b3 Rae8 20. Ned4 c6 21. h3 Ne5
22. Nxe5 Bxe5 23. Bd1 Bg7 24. Bf3 Qg5 25. dxc6 bxc6 26. Qe3 Qe5 27. Rd1 d5 28.
Rfe1 f5 29. Nc2 fxe4 30. Bxe4 Qxc3 31. Qxc3 Bxc3 32. Re2 Bf5 0-1

[Event "15th LCC Super Rapid 2025"]
[Site "London ENG"]
[Date "2025.12.06"]
[Round "1.15"]
[White "Yuffa, Daniil"]
[Black "Sandhu, Jai"]
[Result "1-0"]
[WhiteTitle "GM"]
[WhiteElo "2618"]
[BlackElo "1853"]
[WhiteFideId "24131423"]
[BlackFideId "343439330"]
[EventDate "2025.12.06"]

1. d4 Nf6 2. c4 c5 3. d5 b5 4. Qc2 b4 5. b3 g6 6. Bb2 Bg7 7. e4 d6 8. Bd3 O-O 9.
h3 Nbd7 10. Nd2 a5 11. a4 bxa3 12. Rxa3 Nb6 13. Bc3 e6 14. Ne2 exd5 15. exd5
Nbd7 16. Nf3 Re8 17. O-O Nh5 18. Bxg7 Nxg7 19. Ng3 Ne5 20. Nxe5 Rxe5 21. Qd2 Bf5
22. Nxf5 Nxf5 23. f4 Re8 24. Bxf5 gxf5 25. Rf3 Qf6 26. Rxa5 h6 27. Kh2 Kh7 28.
Rxa8 Rxa8 29. Qe1 Rg8 30. Qc3 Qg6 31. Rg3 Qxg3+ 32. Qxg3 Rxg3 33. Kxg3 Kg6 34.
Kf3 h5 35. Ke3 h4 36. Kd3 Kf6 37. Kc3 Ke7 38. b4 Kd7 39. b5 Kc7 40. Kd3 Kd7 41.
Ke2 Kc7 42. g3 1-0

[Event "15th LCC Super Rapid 2025"]
[Site "London ENG"]
[Date "2025.12.06"]
[Round "1.16"]
[White "Seet, Joshua"]
[Black "Gordon, Stephen J"]
[Result "0-1"]
[BlackTitle "GM"]
[WhiteElo "1704"]
[BlackElo "2465"]
[WhiteFideId "477176"]
[BlackFideId "411477"]
[EventDate "2025.12.06"]

1. d4 Nf6 2. c4 e6 3. Nc3 Bb4 4. Nf3 b6 5. Bg5 Bb7 6. e3 h6 7. Bh4 g5 8. Bg3 Ne4
9. Qc2 Bxc3+ 10. bxc3 d6 11. Bd3 f5 12. a4 Qf6 13. Bxe4 Bxe4 14. Qe2 O-O 15. O-O
Nd7 16. Nd2 Bb7 17. f4 e5 18. Qf2 a5 19. Rae1 Rae8 20. h3 Kh7 21. Nf3 gxf4 22.
exf4 e4 23. Nd2 Bc6 24. Re3 Rg8 25. Kh2 Rg7 26. Rfe1 Reg8 27. Nf1 Bxa4 28. Kh1
Qf7 29. Qa2 Bb5 30. d5 Ba6 31. Kh2 Nf6 32. Rd1 Nh5 33. Rd2 Rg6 0-1

[Event "15th LCC Super Rapid 2025"]
[Site "London ENG"]
[Date "2025.12.06"]
[Round "1.17"]
[White "Kovchan, Alexander"]
[Black "Rich, Aaron"]
[Result "1-0"]
[WhiteTitle "GM"]
[WhiteElo "2440"]
[BlackElo "2035"]
[WhiteFideId "14103052"]
[BlackFideId "499951"]
[EventDate "2025.12.06"]

1. e4 e6 2. d4 d5 3. Nd2 c5 4. exd5 Qxd5 5. Ngf3 cxd4 6. Bc4 Qd8 7. O-O Nf6 8.
Nb3 Nc6 9. Nbxd4 Nxd4 10. Nxd4 a6 11. h3 Be7 12. c3 O-O 13. Qf3 Qc7 14. Bb3 Bd7
15. Bf4 Qb6 16. Be5 Rfd8 17. Rfe1 Rac8 18. Rad1 Ne8 19. Bf4 Bf6 20. Qg3 g6 21.
Be5 Bg7 22. Qh4 Qa5 23. Nf3 Bc6 24. Bxg7 Nxg7 25. Ng5 h5 26. Ne4 Bxe4 27. Qxe4
Qb6 28. g4 hxg4 29. hxg4 Kf8 30. Kg2 Qc6 31. Qxc6 bxc6 32. Kf3 Ke7 33. Re4 Rxd1
34. Bxd1 Rd8 35. Ke2 Ne8 36. Ra4 Nc7 37. Bc2 Rb8 38. b4 Nd5 39. Ra3 Rd8 40. Be4
Nf4+ 41. Ke3 Nd5+ 42. Bxd5 exd5 43. Rxa6 Kd7 44. Ra7+ Ke6 45. Rc7 Re8 46. Kd3
Ra8 47. Rxc6+ Ke5 48. g5 Rxa2 49. Rf6 d4 50. f4+ Kd5 51. c4# 1-0

[Event "15th LCC Super Rapid 2025"]
[Site "London ENG"]
[Date "2025.12.06"]
[Round "1.19"]
[White "Iniyan, Pa"]
[Black "Hu, Junyan"]
[Result "1-0"]
[WhiteTitle "GM"]
[WhiteElo "2601"]
[BlackElo "1835"]
[WhiteFideId "25002767"]
[BlackFideId "343401260"]
[EventDate "2025.12.06"]

1. d4 Nf6 2. c4 e6 3. Nc3 Bb4 4. a3 Bxc3+ 5. bxc3 c5 6. e3 O-O 7. Bd3 d5 8. cxd5
exd5 9. Ne2 Re8 10. O-O Nc6 11. f3 b6 12. g4 a5 13. Ng3 Ba6 14. Ra2 Bxd3 15.
Qxd3 Ra7 16. Rg2 Rae7 17. g5 Nd7 18. h4 Nf8 19. h5 Rd7 20. Qf5 Na7 21. a4 Nc8
22. Qg4 Nd6 23. e4 Nc4 24. e5 cxd4 25. cxd4 Ne6 26. Nf5 g6 27. Nh6+ Kg7 28. Qh4
Rc7 29. Rh2 b5 30. axb5 Nb6 31. Ng4 Nxd4 32. hxg6 Nxf3+ 33. Rxf3 Rxc1+ 34. Rf1
Rxf1+ 35. Kxf1 h5 36. gxh6+ Kxg6 37. Qh5+ 1-0

[Event "15th LCC Super Rapid 2025"]
[Site "London ENG"]
[Date "2025.12.06"]
[Round "1.20"]
[White "Rubeck, Jonathan"]
[Black "Rozen, Eytan"]
[Result "0-1"]
[BlackTitle "IM"]
[WhiteElo "1921"]
[BlackElo "2515"]
[WhiteFideId "435678"]
[BlackFideId "2816750"]
[EventDate "2025.12.06"]

1. e4 c6 2. d4 d5 3. e5 c5 4. dxc5 e6 5. a3 Nc6 6. Nf3 Bxc5 7. b4 Bb6 8. Bd3
Nge7 9. O-O Ng6 10. Bb2 O-O 11. g3 f6 12. exf6 gxf6 13. Nbd2 e5 14. Bxg6 hxg6
15. Nh4 Qe8 16. c4 Bh3 17. cxd5 Nd4 18. Re1 Qf7 19. Qb1 g5 20. Nhf3 Bf5 21. Qa2
Nc2 22. Bxe5 Nxe1 23. Rxe1 fxe5 24. Nxe5 Bxf2+ 25. Kg2 Qh5 26. d6+ Kh8 27. Rc1
Bxg3 28. Nef3 Bh3+ 29. Kxg3 Rxf3+ 30. Nxf3 Qg4+ 31. Kf2 Qg2+ 32. Ke3 Qxa2 33. d7
Bxd7 0-1

[Event "15th LCC Super Rapid 2025"]
[Site "London ENG"]
[Date "2025.12.06"]
[Round "1.21"]
[White "Mikhalevski, Victor"]
[Black "Pereslavtsev, Alexandr"]
[Result "1-0"]
[WhiteTitle "GM"]
[WhiteElo "2504"]
[BlackElo "2044"]
[WhiteFideId "2801914"]
[BlackFideId "343401449"]
[EventDate "2025.12.06"]

1. Nf3 Nf6 2. g3 g6 3. b3 Bg7 4. Bb2 O-O 5. Bg2 a5 6. c4 c6 7. O-O d6 8. d4 a4
9. Nbd2 a3 10. Bc3 d5 11. Ne5 Nbd7 12. Nd3 Nb6 13. Rc1 Bf5 14. Nc5 Qc8 15. f3 h5
16. e4 dxe4 17. fxe4 Bg4 18. Qe1 e5 19. dxe5 Nfd7 20. Nd3 c5 21. h3 Be6 22. Nf3
Re8 23. Qe3 Qc7 24. Qf4 Rad8 25. Rcd1 Nf8 26. Qe3 Nbd7 27. Qc1 Ra8 28. Qa1 Qc6
29. Rfe1 Nh7 30. Nf4 Bf8 31. Rd2 b5 32. cxb5 Qxb5 33. Nxe6 Rxe6 34. Bf1 Qc6 35.
Bc4 Nb6 36. Bd5 Qc8 37. Bxa8 Qxa8 38. Qd1 Re8 39. Kg2 c4 40. e6 fxe6 41. Ne5 Nf6
42. Qf3 Bg7 43. Nxg6 Nxe4 44. Rxe4 Bxc3 45. Rde2 Bg7 46. bxc4 Rd8 47. Nf4 h4 48.
Nxe6 1-0

[Event "15th LCC Super Rapid 2025"]
[Site "London ENG"]
[Date "2025.12.06"]
[Round "1.23"]
[White "Pranav, Anand"]
[Black "Palani Narendhranath"]
[Result "1-0"]
[WhiteTitle "GM"]
[WhiteElo "2581"]
[BlackElo "1836"]
[WhiteFideId "46626786"]
[BlackFideId "46608680"]
[EventDate "2025.12.06"]

1. e4 e5 2. Nf3 Nc6 3. Bb5 a6 4. Ba4 Nf6 5. O-O b5 6. Bb3 Be7 7. d3 O-O 8. a4
Bb7 9. Nc3 b4 10. Nd5 Nxd5 11. Bxd5 d6 12. Be3 a5 13. c3 Rb8 14. Re1 Ba8 15. g3
Qd7 16. Nd2 Kh8 17. Nc4 bxc3 18. bxc3 f5 19. exf5 Qxf5 20. h4 Qh3 21. Nd2 Bf6
22. Bg2 Qe6 23. Ne4 Be7 24. d4 Qd7 25. d5 Nd8 26. Qd3 Nf7 27. c4 c5 28. Bd2 Qc7
29. Bh3 Bb7 30. Rab1 Ba6 31. h5 Rb7 32. Rxb7 Bxb7 33. f4 Bd8 34. Be6 Bc8 35. Rf1
Nh6 36. fxe5 Rxf1+ 37. Qxf1 Be7 38. Bxh6 Bxe6 39. dxe6 gxh6 40. exd6 Bxd6 41.
Qf6+ Kg8 42. Qf7+ Kh8 43. Qxc7 1-0

[Event "15th LCC Super Rapid 2025"]
[Site "London ENG"]
[Date "2025.12.06"]
[Round "1.24"]
[White "Sherwood, Gabriel"]
[Black "Aizenberg, Benny"]
[Result "0-1"]
[BlackTitle "IM"]
[WhiteElo "1851"]
[BlackElo "2444"]
[WhiteFideId "343454313"]
[BlackFideId "2821125"]
[EventDate "2025.12.06"]

1. e4 c5 2. Nc3 Nc6 3. Nge2 Nf6 4. d4 cxd4 5. Nxd4 e5 6. Nxc6 bxc6 7. Bd3 Bc5 8.
O-O O-O 9. Bg5 h6 10. Bh4 Rb8 11. Rb1 g5 12. Bg3 d6 13. Na4 Bb6 14. Nxb6 Qxb6
15. Kh1 Be6 16. b3 Kg7 17. Qe2 Qc7 18. Rfd1 Qe7 19. f3 Nh5 20. Qf2 f5 21. exf5
Bxf5 22. Qe1 Rbe8 23. Bxf5 Rxf5 24. Qe4 Rf6 25. Qxc6 Nf4 26. Bxf4 gxf4 27. c4
Kh8 28. Qe4 Rg8 29. Rd2 Rfg6 30. Rbd1 Qg7 31. Rg1 Qe7 32. Rgd1 Qg7 33. Rg1 Qc7
34. Rd5 Rg5 35. b4 Qe7 36. h3 Rh5 37. Qe1 Qe6 38. Rd2 Rg3 39. Rf1 Rgxh3+ 40. Kg1
Rg3 41. c5 Qh3 0-1

[Event "15th LCC Super Rapid 2025"]
[Site "London ENG"]
[Date "2025.12.06"]
[Round "1.26"]
[White "Anjulan, Ashwin"]
[Black "Tulchynskyi, Feliks"]
[Result "0-1"]
[BlackTitle "IM"]
[WhiteElo "1876"]
[BlackElo "2409"]
[WhiteFideId "343411622"]
[BlackFideId "34127895"]
[EventDate "2025.12.06"]

1. e4 e5 2. Nf3 Nc6 3. Nc3 Nf6 4. d4 exd4 5. Nxd4 Bb4 6. Nxc6 bxc6 7. Bd3 d5 8.
Bd2 O-O 9. O-O Rb8 10. Re1 Bg4 11. Qc1 Re8 12. e5 Nd7 13. h3 Bh5 14. Bg5 Qc8 15.
Qf4 Bg6 16. Bxg6 hxg6 17. a3 Bxc3 18. bxc3 Nc5 19. Qe3 Ne6 20. h4 Qa6 21. Qd3
Qa4 22. g3 Rb2 23. Re2 Reb8 24. Kg2 Rb1 25. Rxb1 Rxb1 26. f4 Nc5 27. Qe3 Ne4 28.
Be7 Qc4 29. Qxa7 Qxe2+ 0-1

[Event "15th LCC Super Rapid 2025"]
[Site "London ENG"]
[Date "2025.12.06"]
[Round "1.27"]
[White "Emms, John M"]
[Black "Lesniowski, Paul"]
[Result "1-0"]
[WhiteTitle "GM"]
[WhiteElo "2412"]
[BlackElo "1876"]
[WhiteFideId "400254"]
[BlackFideId "343409598"]
[EventDate "2025.12.06"]

1. e4 c5 2. Nf3 e6 3. g3 Nc6 4. Bg2 g6 5. d4 cxd4 6. Nxd4 a6 7. Nc3 Bg7 8. Nxc6
bxc6 9. O-O Ne7 10. Qd6 O-O 11. Be3 Bb7 12. Rad1 Rb8 13. Ba7 Ra8 14. Bc5 Re8 15.
Qxd7 Qa5 16. Bxe7 1-0

[Event "15th LCC Super Rapid 2025"]
[Site "London ENG"]
[Date "2025.12.06"]
[Round "1.28"]
[White "Young, Daniel J"]
[Black "Bazakutsa, Svyatoslav"]
[Result "0-1"]
[BlackTitle "IM"]
[WhiteElo "1933"]
[BlackElo "2478"]
[WhiteFideId "425184"]
[BlackFideId "14198525"]
[EventDate "2025.12.06"]

1. Nf3 Nf6 2. c4 g6 3. g3 Bg7 4. Bg2 O-O 5. O-O d6 6. d4 Nc6 7. Nc3 e5 8. d5 Nb8
9. e4 a5 10. Be3 Na6 11. h3 b6 12. Nd2 Nd7 13. b3 f5 14. f3 f4 15. Bf2 fxg3 16.
Bxg3 Nf6 17. Ne2 Nh5 18. Bf2 Bh6 19. Qc2 Qg5 20. f4 Rxf4 21. Kh2 Rxf2 22. Rxf2
Qxd2 23. Qxd2 Bxd2 24. Raf1 Bd7 25. Rf7 Nc5 26. Re7 Bg5 27. Ref7 Nf4 0-1